000 02986cam a22001934a 4500
005 20250605164141.0
008 250528s ||||||||||||||||||||||||d
035 _a18991
040 _aGR-AtMCL
_bgre
_dGR-AtMCL
_eAACR2
245 1 _aΓενική Χρηματοοικονομική Λογιστική / Αποτιμητική και Λογιστική Πληθωρισμού.
_nΤόμος Δεύτερος
260 _bΠαπαζήση,
_c1989
300 _a256
505 0 _aΓενική Εισαγωγή, Αποτιμητική των Επιχειρήσεων και των Περιουσιακών τους Στοιχείων (Γενική Αποτιμητική), Η Μεθοδολογία της Αποτίμησης Περιουσιακών Στοιχείων γενικά, Αποτιμητική για τη Λήψη Αποφάσεων από τη Διοίκηση, Η Λογιστική Αποπληθωρισμού, Αποτίμηση σε Συνθήκες Αβεβαιότητας, Οι Σκοποί και οι Μέθοδοι της Χρηματοοικονομικής Διοικητικής, Αποτίμηση των Στοιχείων του Ισολογισμού, Αποτίμηση Μετοχών, Η Αποτίμηση της Φήμης και Πελατείας (Valuation of Goodwiil), Αποτίμηση μιας Επιχείρησης στο Σύνολο της, Εισαγωγή στην Αγροτική Εκτιμητική, Αγροτική Αποτιμητική (Εκτιμητική), Ειδικά Θέματα Αποτίμησης, Προχωρημένες Τεχνικές Αποτίμησης, Προσάρτημα Βιβλίου.
520 _aΓενική Εισαγωγή, Αποτιμητική των Επιχειρήσεων και των Περιουσιακών τους Στοιχείων (Γενική Αποτιμητική), Η Μεθοδολογία της Αποτίμησης Περιουσιακών Στοιχείων γενικά, Αποτιμητική για τη Λήψη Αποφάσεων από τη Διοίκηση, Η Λογιστική Αποπληθωρισμού, Αποτίμηση σε Συνθήκες Αβεβαιότητας, Οι Σκοποί και οι Μέθοδοι της Χρηματοοικονομικής Διοικητικής, Αποτίμηση των Στοιχείων του Ισολογισμού, Αποτίμηση Μετοχών, Η Αποτίμηση της Φήμης και Πελατείας (Valuation of Goodwiil), Αποτίμηση μιας Επιχείρησης στο Σύνολο της, Εισαγωγή στην Αγροτική Εκτιμητική, Αγροτική Αποτιμητική (Εκτιμητική), Ειδικά Θέματα Αποτίμησης, Προχωρημένες Τεχνικές Αποτίμησης, Προσάρτημα Βιβλίου.
700 1 _aΦίλιος Βασίλειος Φ
_95272
942 _cBK
999 _c4283
_d4283